| Tag |
First Indicator |
Second Indicator |
Subfields |
| LEADER |
00000cam a2200000 4500 |
| 001 |
in00000200092 |
| 005 |
20151009052638.0 |
| 008 |
680301s1968 nyua b 00000 eng |
| 010 |
|
|
|a 68016484
|
| 035 |
|
|
|a (OCoLC)00234754
|
| 035 |
|
|
|9 AAW1472AM
|
| 040 |
|
|
|a DLC
|c DLC
|d TXA
|d UtOrBLW
|
| 041 |
1 |
|
|a eng
|a ger
|
| 049 |
|
|
|a TXAM
|c [915744]
|
| 050 |
0 |
0 |
|a NC710
|b .H813 1968b
|
| 082 |
0 |
|
|a 741
|
| 100 |
1 |
|
|a Hutter, Heribert.
|
| 240 |
1 |
4 |
|a Die Handzeichnung. English
|
| 245 |
1 |
0 |
|a Drawing; history and technique.
|
| 264 |
|
1 |
|a New York :
|b McGraw-Hill,
|c [1968]
|
| 300 |
|
|
|a 152 pages :
|b illustrations (part color) ;
|c 28 cm.
|
| 336 |
|
|
|a text
|b txt
|2 rdacontent
|
| 337 |
|
|
|a unmediated
|b n
|2 rdamedia
|
| 338 |
|
|
|a volume
|b nc
|2 rdacarrier
|
| 500 |
|
|
|a Translation of Die Handzeichnung; Entwicklung, Technik, Eigenart.
|
| 504 |
|
|
|a Bibliography: pages 148-149.
|
| 650 |
|
0 |
|a Drawing.
|
| 999 |
|
|
|a MARS
|
| 999 |
f |
f |
|s 3da622b3-ae52-3f59-8b02-1339f0c08d50
|i 4b6857e7-c187-3154-8f6e-a9ad0bc9d962
|t 0
|
| 952 |
f |
f |
|p ric
|a Texas A&M University
|b Rellis Campus
|c Joint Library Facility
|d Remote Storage
|t 0
|e NC710 .H813 1968b
|h Library of Congress classification
|i unmediated -- volume
|m A14803462169
|
| 998 |
f |
f |
|a NC710 .H813 1968b
|t 0
|l Remote Storage
|